000 00568nam a2200205Ia 4500
005 20250505145713.0
008 008 250505s9999 xx 000 0 eng d
037 _aTextbook
040 _aFML
_beng
_cFML
041 _aeng
_2eng
084 _aNRV33 R1;1
_qFML
100 _aBanerjee, S.C.
_9680257
245 0 _aTablas the World Of Indian Rhythms
260 _aGurugram , Haryana
_bSubhi Publications
_c2021
300 _a353p
365 _aINR
_b1495
650 _aMusic
942 _cTB
_hNRV33 R1;1
999 _c1311504
_d1311504